Регионална библиотека "Любен Каравелов" - Русе

Делото "Двуличник". Супершпионинът Иван-Асен Георгиев (Запис номер 189458)

MARC детайли
000 -Лидер
Контролно поле с фиксирана дължина 02835nam a2200541 c 4500
003 - Код на организацията, давaща контролен номер
Контролно поле BLK
005 - Дата и час на последна редакция
Контролно поле 20250118142932.0
008 - Елементи от данни с фиксирана дължина
fixed length control field 180411b bul|||||r ||||||| ||bul||
010 ## - Наследен системен номер
LC control number KNG00198501000
020 ## - Международен стандартен номер на книга ISBN
Международен стандартен номер на книга ISBN 978-619-7369-00-7
040 ## - Източник на каталожния запис
Идентификатор на билиотеката - собственик на записа BLK
041 ## - Код за език
Код за езика на текст/звукозапис или на отделно заглавие Български
Код за езика КДБФ Български
072 #7 - Код за тематичната категория
Код организация bullib
Код за тематична категория Н32
Текст Политика Н
080 ## - УДК
Текстов определител УДК Шпионаж. Политическо влияние чрез тайни (разузнавателни) служби
УДК код - определител по УДК 327.84
УДК определител (497.2)(092)
УДК - код + определител 327.84(497.2)(092)
080 ## - УДК
Текстов определител УДК Органи на обществения ред. Полиция. Обществена власт. Доброволни отреди. Държавна сигурност. Милиция. Дейност на полицията по вътрешно разузнаване
УДК код - определител по УДК 351.74
УДК определител (497.2)(091)
УДК - код + определител 351.74(497.2)(091)
080 ## - УДК
УДК код - определител по УДК 949.72.063/.065
УДК - код + определител 949.72.063/.065
080 ## - УДК
Текстов определител УДК Български дипломат и юрист, осъден на смърт за шпионаж в полза на Съединените щати
УДК код - определител по УДК 929 Георгиев, Иван-Асен Христов
УДК - код + определител 929 Георгиев, Иван-Асен Христов
100 1# - Редна дума - Автор
Автор Проданов, Продан
Авторска отговорност първи автор
R(LIN) 344835
139 ## - Редно поле
Редна дума Проданов, Продан
Авторски знак Георгиев - Г 37
245 10 - Сведения за заглавието
Заглавие Делото "Двуличник". Супершпионинът Иван-Асен Георгиев
Подзаглавни данни Амер. агент или полит. жертва : Най-голямата шпионска афера от времето на социализма
Редно поле (дума) Продан Проданов.
257 ## - Страна на издаване
Страна на създаване/издаване България
260 ## - Област на издателските данни
Име на издателя, разпространителя и проч. Модерно изкуство
Година на издаване 2016
300 ## - Физическа характеристика
Страници 280 с.
Илюстрации и др. със сн., факс.
Размери/Мащаб 20 см
380 ## - Жанр
Жанр Обществени науки
490 1# - СЕРИИ (Колекции)
Име на серия Библиотека Incognito
500 ## - Общи забележки
Забележка Съдържа иза авт.
600 14 - Име на лице, използвано като предмет
За него / За нея Георгиев, Иван-Асен Христов
9 (RLIN) 344836
650 #4 - Допълнително описание по предмет – тема
Основно описание – тема или топоним Държавна сигурност - България
9 (RLIN) 254494
650 #4 - Допълнително описание по предмет – тема
Основно описание – тема или топоним Шпионаж и диверсия - България
9 (RLIN) 286366
650 #7 - Допълнително описание по предмет – тема
Основно описание – тема или топоним България - история, най-нова
Източник на редна или ключова дума
9 (RLIN) 149577
650 #4 - Допълнително описание по предмет – тема
Основно описание – тема или топоним Георгиев, Иван-Асен Христов
9 (RLIN) 344836
651 #4 - Допълнително описание по предмет - топоним
Географско понятие България
9 (RLIN) 241624
653 ## - Ключова дума – ненормативна
Ключова дума Иван-Асен Георгиев
653 ## - Ключова дума – ненормативна
Ключова дума шпиони
653 ## - Ключова дума – ненормативна
Ключова дума предателство
653 ## - Ключова дума – ненормативна
Ключова дума държавна сигурност
653 ## - Ключова дума – ненормативна
Ключова дума дипломати
653 ## - Ключова дума – ненормативна
Ключова дума българска история
653 ## - Ключова дума – ненормативна
Ключова дума най-нова история
659 ## - Тематичен бюлетин
Тематичен бюлетин Н
852 ## - Местоположение
Форматна сигнатура Цб 283681
856 4# - Електронен адрес и достъп
Електронен формат pdf - файл
856 4# - Електронен адрес и достъп
Електронен формат pdf - файл
999 ## - СИСТЕМНИ КОНТРОЛНИ НОМЕРА
Koha biblionumber 189458
Koha biblioitemnumber 189458
942 ## - АРТИКУЛИ
Вид на библиотечния материал Книги
Скрит в OPAC Не
Koha issues (borrowed), all copies 7
944 ## - СЪЗДАВАНЕ И РЕДАКЦИЯ на ЗАПИСА
Създаване/Редакция Създаване
Дата на регистрацията/редакция 17.12.2016
Статус, дата на статуса Геновева Генчева
Служител, извършил регистрацията/редакцията 30560
944 ## - СЪЗДАВАНЕ И РЕДАКЦИЯ на ЗАПИСА
Създаване/Редакция Редакция
Дата на регистрацията/редакция 15.02.2017
Статус, дата на статуса ф /
Служител, извършил регистрацията/редакцията Людмила_Стоянова
999 ## - СИСТЕМНИ КОНТРОЛНИ НОМЕРА
Koha biblioitemnumber 189458
Наличности
Код за отписване Код за изгубен артикул Код за повреда Коз за рестрикции Код за отдаване Артикулен № Име на библиотеката - собственик Име на библиотеката, в която се намира в момента Статус (Текущо местоположение) Дата на вписване в системата Местоположение - отдел Цена в лева Инвентарен номер Систематично азбучна сигнатура Баркод Номер на екземпляра Цена в евро Служебна бележка Служебен тип на артикула Източник на класификационната схема
  Не е изгубен Не е повреден без рестрикции заемане за дома 333343 Регионална библиотека "Любен Каравелов" Русе Регионална библиотека "Любен Каравелов" Русе Заемна - подръчен фонд 2016-12-21 Заемна - подръчен фонд 12.00 120000807119 П 327.8(092)/Г 37 120000807119 1 6.14 Дост: Pk Вид: Ф N: 475 Дата: 19.12.2016 Дата инв: 06.02.2018 Бележки инв: П2018 Книги  
  Не е изгубен Не е повреден без рестрикции заемане за дома 333344 Регионална библиотека "Любен Каравелов" Русе Регионална библиотека "Любен Каравелов" Русе Заемна - подръчен фонд 2016-12-21 Заемна - подръчен фонд 12.00 120000807120 П 327.8(092)/Г 37 120000807120 2 6.14 Дост: Pk Вид: Ф N: 475 Дата: 19.12.2016 Дата инв: 06.02.2018 Бележки инв: П2018 Книги  
  Не е изгубен Не е повреден без рестрикции ползва се в читалня 680318 Регионална библиотека "Любен Каравелов" Русе Регионална библиотека "Любен Каравелов" Русе Хранилище 2018-09-14 Хранилище 12.00 120000823278 Цб 290189 120000823278   6.14   Книги Universal Decimal Classification
Vip Innovations Ltd, Rousse, Bulgaria 2025